000
00232nam a22000977a 4500
008
230629b xxu||||| |||| 00| 0 eng d
082
_a
338.91
_b
KEN
245
_a
Kenyan- German Co-operation
_b
1984/85
300
_a
65p
942
_2
ddc
_c
BK
999
_c
2990
_d
2990